000
00260nam a2200097Ia 4500
001
644714
005
20250826153610.0
008
250824s9999 xx 000 0 und d
245
0
_a
SUMARNA 5 SÜVARİ NİN DÖNÜŞÜ
_c
MEHMET BALTAOĞLU
260
_b
TİMAŞ ÇOCUK
999
_c
644714
_d
644714